[Event "GER-ch Seniors 22nd"]
[Site "Berlin"]
[Date "2010.08.24"]
[Round "9"]
[White "Fronczek, Heinrich"]
[Black "Gerhardt, Peter Michael"]
[Result "1-0"]
[WhiteElo "2080"]
[BlackElo "1974"]
[PlyCount "61"]
[EventDate "2010.08.16"]
[EventType "swiss"]
[EventRounds "9"]
[EventCountry "GER"]
[SourceTitle "CBM 138 Extra"]
[Source "ChessBase"]
[SourceDate "2010.10.29"]
[SourceVersion "1"]
[SourceVersionDate "2010.10.29"]
[SourceQuality "1"]

1. d4 Nf6 2. g3 g6 3. Bg2 Bg7 4. e4 d6 5. Nc3 0-0 6. Nge2 Nbd7 7. 0-0 e5 8. h3 c6 9. a4 Qc7 10. b3 Rd8 11. Ba3 Nf8 12. d5 c5 13. Nb5 Qe7 14. c4 a5 15. Bb2 Ne8 16. f4 f5 17. exf5 Bxf5 18. g4 Bd7 19. fxe5 Bxe5 20. Bxe5 Qxe5 21. Nec3 Bxb5 22. Nxb5 Qg7 23. Qf3 Nc7 24. Qf4 Nxb5 25. axb5 g5 26. Qf5 b6 27. Rae1 Ra7 28. Qe4 Rf7 29. Rf5 Rxf5 30. Qxf5 Nd7 31. Qe6+ 1-0

[Event "GER-ch Seniors 22nd"]
[Site "Berlin"]
[Date "2010.08.23"]
[Round "8"]
[White "Fronczek, Heinrich"]
[Black "Riek, Wolfgang"]
[Result "1-0"]
[WhiteElo "2080"]
[BlackElo "1846"]
[PlyCount "57"]
[EventDate "2010.08.16"]
[EventType "swiss"]
[EventRounds "9"]
[EventCountry "GER"]
[SourceTitle "CBM 138 Extra"]
[Source "ChessBase"]
[SourceDate "2010.10.29"]
[SourceVersion "1"]
[SourceVersionDate "2010.10.29"]
[SourceQuality "1"]

1. d4 d5 2. Nf3 Nf6 3. c4 e6 4. Nc3 c6 5. Bg5 Nbd7 6. e3 Bd6 7. Bd3 dxc4 8. Bxc4 h6 9. Bh4 g5 10. Bg3 Nb6 11. Bb3 Bxg3 12. hxg3 Nbd5 13. Qc2 Qa5 14. Ne5 Nxc3 15. bxc3 Nd5 16. Rc1 Qd8 17. e4 Ne7 18. Qe2 Ng6 19. Nc4 b5 20. Ne3 b4 21. d5 cxd5 22. exd5 Qa5 23. dxe6 Bxe6 24. Bxe6 fxe6 25. Nc4 Qa6 26. cxb4 Ke7 27. 0-0 Rac8 28. Qe4 Kf7 29. b5 1-0

[Event "GER-ch Seniors 22nd"]
[Site "Berlin"]
[Date "2010.08.22"]
[Round "7"]
[White "Bachmann, Rolf"]
[Black "Fronczek, Heinrich"]
[Result "1/2-1/2"]
[WhiteElo "1880"]
[BlackElo "2080"]
[PlyCount "137"]
[EventDate "2010.08.16"]
[EventType "swiss"]
[EventRounds "9"]
[EventCountry "GER"]
[SourceTitle "CBM 138 Extra"]
[Source "ChessBase"]
[SourceDate "2010.10.29"]
[SourceVersion "1"]
[SourceVersionDate "2010.10.29"]
[SourceQuality "1"]

1. c4 Nf6 2. Nc3 c5 3. g3 Nc6 4. Bg2 g6 5. e3 d6 6. d3 Bg7 7. Nge2 0-0 8. 0-0 e6 9. Rb1 d5 10. a3 dxc4 11. dxc4 Qe7 12. Qc2 Bd7 13. b3 Rab8 14. Bb2 Na5 15. Rfd1 Bc6 16. Rd2 Rfd8 17. Rbd1 Rxd2 18. Rxd2 Bxg2 19. Kxg2 Rd8 20. Nb1 Rxd2 21. Nxd2 b6 22. Bc3 Qb7+ 23. f3 Ng4 24. Nf1 Ne5 25. Nd2 Nac6 26. h3 f5 27. Nf4 Qd7 28. Kf1 g5 29. Nh5 Bh8 30. g4 Qf7 31. Kg2 Qd7 32. f4 gxf4 33. exf4 Nd3 34. Nf3 fxg4 35. hxg4 e5 36. f5 e4 37. Ng5 Nd4 38. Qd1 Nxf5 39. Qe2 Bxc3 40. Nxe4 Ne3+ 41. Qxe3 Qxg4+ 42. Qg3 Qxg3+ 43. Nhxg3 Be1 44. Ne2 Ba5 45. Nf6+ Kg7 46. Nd5 Bd2 47. Kf3 Nc1 48. Nxc1 Bxc1 49. a4 Bd2 50. Ne7 Ba5 51. Nc6 a6 52. Nb8 Kf6 53. Nxa6 Ke5 54. Ke3 h5 55. Nc7 h4 56. Kf3 Kd4 57. Nd5 Kd3 58. Kg4 Kc2 59. Kxh4 Kxb3 60. Ne3 Kxa4 61. Kg4 Kb3 62. Kf3 Kc3 63. Ke4 Kd2 64. Nf5 Kc3 65. Kd5 Kd3 66. Nd6 Bd2 67. Nc8 Ba5 68. Nd6 Kc3 69. Kc6 1/2-1/2

[Event "GER-ch Seniors 22nd"]
[Site "Berlin"]
[Date "2010.08.16"]
[Round "1"]
[White "Thielemann, Joachim"]
[Black "Fronczek, Heinrich"]
[Result "1/2-1/2"]
[WhiteElo "1744"]
[BlackElo "2080"]
[PlyCount "160"]
[EventDate "2010.08.16"]
[EventType "swiss"]
[EventRounds "9"]
[EventCountry "GER"]
[SourceTitle "CBM 138 Extra"]
[Source "ChessBase"]
[SourceDate "2010.10.29"]
[SourceVersion "1"]
[SourceVersionDate "2010.10.29"]
[SourceQuality "1"]

1. e4 c5 2. Nc3 e6 3. g3 a6 4. Bg2 Nc6 5. d3 g6 6. Be3 Nd4 7. Qd2 Bg7 8. Rb1 Ne7 9. Nce2 d5 10. c3 Nxe2 11. Qxe2 d4 12. Bd2 Qa5 13. Nf3 dxc3 14. bxc3 Bxc3 15. Bxc3 Qxc3+ 16. Qd2 Qxd2+ 17. Nxd2 0-0 18. Nb3 b6 19. f4 Rd8 20. Ke2 Ra7 21. Rhd1 a5 22. Nc1 Rb7 23. Ke3 a4 24. Ne2 Bd7 25. Rdc1 Rbb8 26. d4 cxd4+ 27. Nxd4 Be8 28. Bf1 Rdc8 29. Bb5 Bxb5 30. Rxc8+ Rxc8 31. Rxb5 Rc3+ 32. Kd2 Ra3 33. Rxb6 Rxa2+ 34. Nc2 Kg7 35. Kc1 a3 36. Kb1 Rb2+ 37. Rxb2 axb2 38. Kxb2 e5 39. Kc3 exf4 40. gxf4 f5 41. Kd3 fxe4+ 42. Kxe4 Kf6 43. Ne3 h5 44. Kf3 Nc6 45. Ke4 Ne7 46. Kf3 Ke6 47. Ke4 Kf6 48. Kf3 Nc8 49. Nd5+ Kf5 50. Ne3+ Ke6 51. Kg3 Nd6 52. Kf3 Nf5 53. Nc4 Kd5 54. Ne3+ Kd4 55. Nc2+ Kc3 56. Ne3 Kd3 57. Ng2 Nd4+ 58. Kf2 Nf5 59. Kf3 Kd2 60. Kf2 Kd3 61. Kf3 Nd4+ 62. Kg3 Nf5+ 63. Kf3 Kd4 64. Kf2 Kd3 65. Kf3 Kd4 66. Ne1 Ne3 67. Kg3 Ke4 68. h3 Nf5+ 69. Kf2 Kxf4 70. Nd3+ Ke4 71. Nc5+ Kd5 72. Nd3 g5 73. Kf3 Nd4+ 74. Ke3 Ne6 75. Kf3 Kd4 76. Nf2 Ke5 77. Nd3+ Kf5 78. Nf2 Nf4 79. Kg3 Nd5 80. Kf3 Ne7 1/2-1/2

[Event "GER-ch Seniors 21st"]
[Site "Dresden"]
[Date "2009.08.10"]
[Round "9"]
[White "Gerhardt, Peter Michael"]
[Black "Fronczek, Heinrich"]
[Result "0-1"]
[WhiteElo "2142"]
[BlackElo "2291"]
[PlyCount "64"]
[EventDate "2009.08.03"]
[EventType "swiss"]
[EventRounds "9"]
[EventCountry "GER"]
[SourceTitle "CBM 131 Extra"]
[Source "ChessBase"]
[SourceDate "2009.09.03"]
[SourceVersion "2"]
[SourceVersionDate "2009.09.16"]
[SourceQuality "1"]

1. Nf3 c5 2. g3 Nc6 3. Bg2 g6 4. 0-0 Bg7 5. e4 d6 6. c3 Nf6 7. Re1 e5 8. d4 Bg4 9. d5 Ne7 10. h3 Bd7 11. Nbd2 b5 12. b4 cxb4 13. cxb4 a5 14. Ba3 a4 15. Bf1 Rc8 16. Rc1 0-0 17. Re3 Qb6 18. Rc2 Nh5 19. Kg2 f5 20. Rec3 Rxc3 21. Rxc3 h6 22. Bb2 Nf6 23. Bd3 Nexd5 24. exd5 e4 25. Rc1 exd3 26. Bd4 Qb7 27. Qf1 Qxd5 28. Qxd3 Ne4 29. Rc7 Rf7 30. Kg1 Nxd2 31. Qxd2 Qxf3 32. Bxg7 Bc6 0-1

[Event "GER-chT Seniors 17th"]
[Site "Berlin"]
[Date "2008.09.06"]
[Round "7"]
[White "Neukirch, Detlef"]
[Black "Fronczek, Heinrich"]
[Result "1-0"]
[WhiteElo "2276"]
[BlackElo "2302"]
[PlyCount "123"]
[EventDate "2008.08.31"]
[EventType "team-swiss"]
[EventRounds "7"]
[EventCountry "GER"]
[SourceTitle "CBM 126 Extra"]
[Source "ChessBase"]
[SourceDate "2008.11.05"]
[SourceVersion "1"]
[SourceVersionDate "2008.11.05"]
[SourceQuality "1"]

1. e4 c5 2. Nf3 Nc6 3. d4 cxd4 4. Nxd4 Nf6 5. Nc3 Rb8 6. Be2 d6 7. 0-0 g6 8. Bg5 Bg7 9. Nb3 h6 10. Bh4 0-0 11. f4 a5 12. a4 Be6 13. Kh1 Qc8 14. Bd3 Bg4 15. Qd2 Be6 16. Rae1 b6 17. Bb5 Rd8 18. Nd5 Bxd5 19. exd5 Nb4 20. c4 Qg4 21. Bf2 Qf5 22. Rxe7 Ne4 23. Qe2 Nxf2+ 24. Qxf2 Nd3 25. Qe3 Nxb2 26. Nd4 Bxd4 27. Qxd4 Qd3 28. Qxd3 Nxd3 29. Rf3 Kf8 30. Rc7 Nc5 31. Re3 Rb7 32. Ree7 Rxc7 33. Rxc7 Rb8 34. Bc6 Rd8 35. g3 Kg7 36. Kg2 Kf6 37. Bb5 Rb8 38. Kf3 Rb7 39. Rc6 Ke7 40. Rc8 Nd7 41. Bc6 Ra7 42. Ke3 h5 43. Kd4 h4 44. Bxd7 Kxd7 45. Rf8 hxg3 46. hxg3 Ke7 47. Rb8 Ra6 48. g4 Kf6 49. Rb7 g5 50. fxg5+ Kxg5 51. Rxf7 Kxg4 52. Rf6 Ra8 53. Rxd6 Rb8 54. Rf6 Kg5 55. Ke5 Re8+ 56. Re6 Rc8 57. Rc6 Re8+ 58. Kd6 Re1 59. Rxb6 Ra1 60. c5 Rxa4 61. c6 Kf6 62. c7 1-0

[Event "GER-chT Seniors 17th"]
[Site "Berlin"]
[Date "2008.09.04"]
[Round "5"]
[White "Haecker, Johannes"]
[Black "Fronczek, Heinrich"]
[Result "0-1"]
[WhiteElo "2130"]
[BlackElo "2302"]
[PlyCount "100"]
[EventDate "2008.08.31"]
[EventType "team-swiss"]
[EventRounds "7"]
[EventCountry "GER"]
[SourceTitle "CBM 126 Extra"]
[Source "ChessBase"]
[SourceDate "2008.11.05"]
[SourceVersion "1"]
[SourceVersionDate "2008.11.05"]
[SourceQuality "1"]

1. d4 Nf6 2. Nf3 c5 3. c3 Qc7 4. g3 g6 5. Bg2 Bg7 6. 0-0 0-0 7. Re1 d6 8. h3 e5 9. Na3 a6 10. Nc2 e4 11. Nd2 Re8 12. dxc5 dxc5 13. Nc4 Rd8 14. Bf4 Qe7 15. Qc1 Nd5 16. Bh6 b5 17. Bxg7 Kxg7 18. N4e3 Nf6 19. Nf1 Bb7 20. Nce3 Nc6 21. Qc2 Qe6 22. Nd2 Ne7 23. Red1 Ned5 24. Ndf1 Rd7 25. Nxd5 Bxd5 26. b3 Rad8 27. Ne3 Qe5 28. Rac1 h5 29. Qb1 h4 30. g4 Bc6 31. Rxd7 Rxd7 32. Qc2 Rd6 33. Rd1 Rxd1+ 34. Nxd1 Nh7 35. Qd2 Ng5 36. Qd8 Ne6 37. Qd2 Nf4 38. Ne3 a5 39. Bf1 Ne6 40. a3 Nf4 41. b4 cxb4 42. axb4 a4 43. Nc2 Nd5 44. Nd4 e3 45. Qe1 exf2+ 46. Qxf2 Bd7 47. Qxh4 Nxc3 48. Nf3 Qe3+ 49. Kh2 Nxe2 50. Bg2 Bc6 0-1

[Event "GER-ch Seniors-A 20th"]
[Site "Erfurt"]
[Date "2008.08.11"]
[Round "7"]
[White "Fronczek, Heinrich"]
[Black "Ljuboschiz, Alexander"]
[Result "1-0"]
[WhiteElo "2202"]
[BlackElo "2086"]
[PlyCount "83"]
[EventDate "2008.08.05"]
[EventType "swiss"]
[EventRounds "9"]
[EventCountry "GER"]
[SourceTitle "CBM 126 Extra"]
[Source "ChessBase"]
[SourceDate "2008.11.05"]
[SourceVersion "1"]
[SourceVersionDate "2008.11.05"]
[SourceQuality "1"]

1. d4 Nf6 2. g3 c5 3. d5 d6 4. Bg2 g6 5. Nc3 Bg7 6. e4 0-0 7. Nf3 Na6 8. 0-0 Nc7 9. a4 Rb8 10. Re1 Bg4 11. h3 Bxf3 12. Qxf3 b6 13. Qe2 a6 14. f4 b5 15. axb5 axb5 16. Be3 b4 17. Na4 e6 18. dxe6 Nxe6 19. Rad1 Qa5 20. b3 Ne8 21. f5 Nd4 22. Qf2 Nc6 23. g4 Qc7 24. Kh1 Qe7 25. g5 f6 26. h4 Ne5 27. Qf4 Nc7 28. Rf1 Rf7 29. Rf2 Rbf8 30. Bh3 Kh8 31. Rfd2 Nb5 32. Nb6 Nc3 33. Nd5 Qb7 34. Nxc3 bxc3 35. Rd5 gxf5 36. exf5 fxg5 37. hxg5 Ng6 38. Qxd6 Be5 39. Qxc5 Ne7 40. Bd4 Rxf5 41. Bxe5+ Rxe5 42. Qxc3 1-0

[Event "GER-ch Seniors-A 20th"]
[Site "Erfurt"]
[Date "2008.08.05"]
[Round "1"]
[White "Fronczek, Heinrich"]
[Black "Striebich, Rudolf"]
[Result "1-0"]
[WhiteElo "2202"]
[BlackElo "2077"]
[PlyCount "81"]
[EventDate "2008.08.05"]
[EventType "swiss"]
[EventRounds "9"]
[EventCountry "GER"]
[SourceTitle "CBM 126 Extra"]
[Source "ChessBase"]
[SourceDate "2008.11.05"]
[SourceVersion "1"]
[SourceVersionDate "2008.11.05"]
[SourceQuality "1"]

1. d4 Nf6 2. g3 g6 3. Bg2 Bg7 4. e4 d6 5. Nc3 0-0 6. Nge2 Nbd7 7. 0-0 e5 8. h3 c6 9. a4 a5 10. b3 Re8 11. Ba3 Bf8 12. Qd2 Qc7 13. Rad1 Qb8 14. f4 b5 15. axb5 cxb5 16. fxe5 dxe5 17. Bxf8 Rxf8 18. Qg5 h6 19. Qxh6 b4 20. dxe5 Qxe5 21. Nd5 Ba6 22. Rf2 Bxe2 23. Rxe2 Nxd5 24. Rxd5 Qa1+ 25. Kh2 Nf6 26. Rd6 Rae8 27. Bf3 Nh7 28. Qf4 Re5 29. Red2 Ng5 30. Bg2 Ne6 31. Qg4 Rg5 32. Qf3 a4 33. bxa4 Qxa4 34. R6d5 Qc6 35. h4 Rxd5 36. exd5 Qd6 37. Qf6 Qd8 38. Qxd8 Rxd8 39. Rd3 Nc5 40. Re3 Kf8 41. g4 1-0

[Event "GER-chT Seniors 16th"]
[Site "Halle"]
[Date "2007.09.17"]
[Round "5.1"]
[White "Fronczek, Heinrich"]
[Black "Donchenko, Anatoly G"]
[Result "0-1"]
[WhiteElo "2299"]
[BlackElo "2375"]
[PlyCount "110"]
[EventDate "2007.09.13"]
[EventType "team"]
[EventRounds "7"]
[EventCountry "GER"]
[SourceTitle "EXT 2008"]
[Source "ChessBase"]
[SourceDate "2007.11.25"]
[SourceVersion "1"]
[SourceVersionDate "2007.11.25"]
[SourceQuality "1"]

1. d4 d5 2. c4 dxc4 3. Nf3 a6 4. e3 e6 5. a4 Nf6 6. Bxc4 c5 7. Nc3 Nc6 8. 0-0 Qc7 9. Qe2 Bd6 10. dxc5 Bxc5 11. e4 Ng4 12. g3 0-0 13. Kg2 Nge5 14. Nxe5 Nxe5 15. Bf4 f6 16. Ba2 Qe7 17. Rac1 Bd7 18. Rfd1 Kh8 19. f3 Rac8 20. Bb3 Rfd8 21. Be3 Bxe3 22. Qxe3 Qb4 23. Na2 Qe7 24. Rxc8 Bxc8 25. Qb6 Rxd1 26. Bxd1 g5 27. Be2 Kg7 28. Nc3 Nd7 29. Qc7 Qc5 30. Qxc5 Nxc5 31. b4 Nd7 32. f4 b6 33. Kf2 gxf4 34. gxf4 a5 35. bxa5 bxa5 36. Ke3 e5 37. f5 Nb6 38. Bb5 Kf7 39. h4 Bd7 40. Kd3 Ke7 41. Kc2 Bxb5 42. axb5 Kd6 43. Kb2 Kc5 44. Kb3 Kd4 45. Na4 Nd7 46. b6 Nxb6 47. Nxb6 Kxe4 48. Nc4 Kxf5 49. Nxa5 Kg4 50. Nc4 Kxh4 51. Kc3 Kg3 52. Kd3 h5 53. Ke4 h4 54. Ne3 h3 55. Nf1+ Kf2 0-1

[Event "GER-ch Seniors Gp-A 19th"]
[Site "Templin"]
[Date "2007.08.29"]
[Round "7"]
[White "Bakhmatov, Eduard"]
[Black "Fronczek, Heinrich"]
[Result "1-0"]
[WhiteElo "2239"]
[BlackElo "2202"]
[PlyCount "94"]
[EventDate "2007.08.23"]
[EventType "swiss"]
[EventRounds "9"]
[EventCountry "GER"]
[SourceTitle "EXT 2022"]
[Source "ChessBase"]
[SourceDate "2021.10.06"]
[SourceVersion "1"]
[SourceVersionDate "2021.10.06"]
[SourceQuality "1"]

1. e4 c5 2. Nf3 Nc6 3. Bb5 g6 4. c3 Bg7 5. d4 Qb6 6. Ba4 cxd4 7. 0-0 dxc3 8. Nxc3 Nf6 9. e5 Ng4 10. Nd5 Qd8 11. Re1 0-0 12. Bf4 e6 13. Nc3 Nh6 14. Qd2 Nf5 15. Ne4 Qa5 16. Bxc6 Qxd2 17. Bxd2 dxc6 18. g4 Ne7 19. Bb4 Re8 20. Nd6 Rd8 21. Nxb7 Bxb7 22. Bxe7 Rd5 23. Rac1 c5 24. Re3 Rc8 25. Rec3 c4 26. Bf6 Bf8 27. a3 h6 28. Kf1 Rb5 29. Nd2 Bd5 30. Nxc4 Rbc5 31. Nd6 Rxc3 32. Rxc3 Rxc3 33. bxc3 Bxd6 34. exd6 Bc4+ 35. Ke1 Bb5 36. c4 Bc6 37. Kd2 Kf8 38. Kc3 a5 39. Kd4 Ke8 40. Ke5 Kd7 41. h4 h5 42. gxh5 gxh5 43. Be7 f5 44. f4 Ke8 45. Kf6 Bf3 46. a4 Bd1 47. Kxe6 Bxa4 1-0

[Event "GER-ch Seniors Gp-A 19th"]
[Site "Templin"]
[Date "2007.08.26"]
[Round "4"]
[White "Fronczek, Heinrich"]
[Black "Trnovec, Mihaly"]
[Result "1-0"]
[WhiteElo "2202"]
[BlackElo "1946"]
[PlyCount "120"]
[EventDate "2007.08.23"]
[EventType "swiss"]
[EventRounds "9"]
[EventCountry "GER"]
[SourceTitle "EXT 2022"]
[Source "ChessBase"]
[SourceDate "2021.10.06"]
[SourceVersion "1"]
[SourceVersionDate "2021.10.06"]
[SourceQuality "1"]

1. d4 c5 2. d5 d6 3. Nc3 g6 4. e4 Bg7 5. Nf3 a6 6. a4 b6 7. Bc4 Nd7 8. Bf4 Ngf6 9. h3 0-0 10. 0-0 Ne8 11. Re1 f6 12. Bg3 Kh8 13. Nh4 Ne5 14. Bf1 Nf7 15. f4 f5 16. exf5 gxf5 17. Bd3 Nh6 18. Nf3 Bf6 19. Ng5 Ng7 20. Bh4 Qe8 21. Be2 Bd7 22. Bf3 Qg6 23. Qe2 Ng8 24. Bf2 Bxg5 25. fxg5 Qxg5 26. h4 Qf6 27. h5 h6 28. Qd2 Be8 29. Qe2 Qf7 30. Bh4 Ra7 31. Qd2 Kh7 32. Re2 Nxh5 33. Rae1 Nhf6 34. Qf4 Qg6 35. Re3 Rf7 36. Be2 Ng4 37. Re6 Qh5 38. Qg3 Bd7 39. Bd3 Bxe6 40. dxe6 Rf8 41. Nd5 Ne5 42. Be2 Qg6 43. Qb3 f4 44. Rf1 f3 45. Bxf3 Nxf3+ 46. Rxf3 Rxf3 47. Qxf3 Qxe6 48. Nxb6 Nf6 49. c4 Qg4 50. Qd3+ Qe4 51. Qxe4+ Nxe4 52. Be1 Rb7 53. a5 e6 54. b4 h5 55. b5 axb5 56. cxb5 c4 57. a6 Ra7 58. Nxc4 d5 59. b6 Ra8 60. b7 Ra7 1-0

[Event "GER-ch Seniors Gp-A 19th"]
[Site "Templin"]
[Date "2007.08.23"]
[Round "1"]
[White "Pfueller, Volker"]
[Black "Fronczek, Heinrich"]
[Result "0-1"]
[WhiteElo "1681"]
[BlackElo "2202"]
[PlyCount "98"]
[EventDate "2007.08.23"]
[EventType "swiss"]
[EventRounds "9"]
[EventCountry "GER"]
[SourceTitle "EXT 2022"]
[Source "ChessBase"]
[SourceDate "2021.10.06"]
[SourceVersion "1"]
[SourceVersionDate "2021.10.06"]
[SourceQuality "1"]

1. e4 c5 2. Nf3 Nc6 3. d4 cxd4 4. Nxd4 Nf6 5. Nc3 Rb8 6. Be2 d6 7. 0-0 g6 8. h3 Bg7 9. Be3 0-0 10. Qd2 Bd7 11. a3 a6 12. Rad1 b5 13. b4 Qc7 14. Bg5 Nxd4 15. Qxd4 Rfc8 16. Nd5 Nxd5 17. Qxd5 Be6 18. Qd2 f6 19. Be3 Qxc2 20. Rc1 Qxd2 21. Bxd2 f5 22. exf5 Bxf5 23. Bf3 e5 24. Bd5+ Kh8 25. Rxc8+ Rxc8 26. Rc1 Rxc1+ 27. Bxc1 Bd3 28. Bb7 Bc4 29. Bxa6 d5 30. f3 Bf6 31. Kf2 Kg7 32. g4 g5 33. Ke3 Bd8 34. Kf2 Kf7 35. Kg3 Bb6 36. h4 h6 37. h5 Bd4 38. Kg2 Bc3 39. Kf2 Ke7 40. Bc8 Kd6 41. Bf5 Kc6 42. Ke3 Be1 43. Bd3 Bg3 44. Ke2 e4 45. fxe4 dxe4 46. Bxc4 bxc4 47. Bb2 Bf4 48. Bd4 Kb5 49. Bb2 Ka4 0-1

[Event "EU-ch Seniors 07th"]
[Site "Hockenheim"]
[Date "2007.06.10"]
[Round "9"]
[White "Khazankin, Moisey"]
[Black "Fronczek, Heinrich"]
[Result "1-0"]
[WhiteElo "2112"]
[BlackElo "2285"]
[PlyCount "141"]
[EventDate "2007.06.02"]
[EventType "swiss"]
[EventRounds "9"]
[EventCountry "GER"]
[SourceTitle "CBM 118 Extra"]
[Source "ChessBase"]
[SourceDate "2007.07.04"]
[SourceVersion "1"]
[SourceVersionDate "2007.07.04"]
[SourceQuality "1"]

1. e4 c5 2. Nc3 e6 3. Nf3 a6 4. d4 cxd4 5. Nxd4 b5 6. Bd3 Bb7 7. 0-0 Bc5 8. Nb3 Ba7 9. a4 b4 10. Na2 Nc6 11. c3 bxc3 12. Nxc3 Ne5 13. Bf4 d6 14. Bxe5 dxe5 15. Qg4 Nf6 16. Qe2 0-0 17. Kh1 Qb6 18. Ra3 Rfd8 19. Nd2 Qd4 20. Nd1 Bc6 21. Nf3 Qd6 22. Bc2 Qc7 23. Rc3 Bd4 24. Rc4 Qb7 25. Nc3 Rd7 26. h3 Rad8 27. Rb1 a5 28. b4 axb4 29. Rbxb4 Qa8 30. Ne1 g6 31. Kh2 h5 32. g3 Kg7 33. Nf3 Bb7 34. Bb1 Bxc3 35. Rxc3 Qa5 36. Qb2 Ba6 37. Rcb3 Qc5 38. Rc3 Qa7 39. Re3 Qc5 40. Rc3 Qa7 41. Re3 Rd4 42. Nxd4 exd4 43. Re1 d3 44. Rd1 Qc5 45. Rd2 e5 46. Kg2 Rd7 47. Ba2 g5 48. Rb6 Rd6 49. Rxd6 Qxd6 50. Qb3 Qe7 51. f3 g4 52. hxg4 hxg4 53. Rf2 Bb7 54. Qxd3 gxf3+ 55. Kg1 Bxe4 56. Qe3 Bg6 57. Rxf3 Ng4 58. Qb6 Qg5 59. Qb2 Qh5 60. a5 Nf6 61. Qb3 Be4 62. Kf2 Qh2+ 63. Ke3 Bxf3 64. Qxf7+ Kh8 65. Qxf6+ Kh7 66. Qf7+ Kh6 67. Qf6+ Kh7 68. Bb1+ e4 69. Qh4+ Qxh4 70. gxh4 Kh6 71. a6 1-0

[Event "EU-ch Seniors 07th"]
[Site "Hockenheim"]
[Date "2007.06.02"]
[Round "1"]
[White "Belokopyt, Boris Khaimovich"]
[Black "Fronczek, Heinrich"]
[Result "0-1"]
[WhiteElo "2037"]
[BlackElo "2285"]
[PlyCount "120"]
[EventDate "2007.06.02"]
[EventType "swiss"]
[EventRounds "9"]
[EventCountry "GER"]
[SourceTitle "CBM 118 Extra"]
[Source "ChessBase"]
[SourceDate "2007.07.04"]
[SourceVersion "1"]
[SourceVersionDate "2007.07.04"]
[SourceQuality "1"]

1. e4 c5 2. Nf3 e6 3. d3 Nc6 4. c3 d5 5. Nbd2 Nf6 6. h3 Bd6 7. Be2 0-0 8. 0-0 b6 9. Re1 Ba6 10. Bf1 dxe4 11. dxe4 Bxf1 12. Rxf1 Bf4 13. Qe2 Qc7 14. g3 Bh6 15. Re1 Rad8 16. Nf1 Bxc1 17. Raxc1 Na5 18. b4 Nb7 19. a3 c4 20. Nd4 e5 21. Nb5 Qc6 22. a4 a6 23. Na3 b5 24. Nd2 Rd3 25. Nf3 Re8 26. Nb1 Nxe4 27. Qxe4 Qxe4 28. Rxe4 Rxf3 29. Kg2 Rd3 30. f4 f6 31. fxe5 Rxe5 32. Rxe5 fxe5 33. Re1 Rd5 34. Re2 Nd6 35. Nd2 Kf7 36. Nf3 Kf6 37. g4 g5 38. Kh2 h6 39. Kg2 e4 40. Nd4 Ke5 41. Nc6+ Kf4 42. Ne7 Ke5 43. Nxd5 Kxd5 44. Kf2 Ke5 45. Ke3 Nc8 46. Ra2 Nb6 47. axb5 axb5 48. Ra5 Nd5+ 49. Kd2 e3+ 50. Ke1 Ke4 51. Ra6 Nxc3 52. Rxh6 Nd5 53. Re6+ Kd4 54. Rg6 Nxb4 55. Rxg5 Nd3+ 56. Ke2 b4 57. Rg8 b3 58. Rd8+ Kc3 59. Rf8 b2 60. Rb8 Nb4 0-1

[Event "GER-ch Seniors 18th"]
[Site "Dresden"]
[Date "2006.07.27"]
[Round "6"]
[White "Siegmund, Rainer"]
[Black "Fronczek, Heinrich"]
[Result "0-1"]
[WhiteElo "2154"]
[BlackElo "2252"]
[PlyCount "76"]
[EventDate "2006.07.22"]
[EventType "swiss"]
[EventRounds "9"]
[EventCountry "GER"]
[SourceTitle "CBM 113 Extra"]
[Source "ChessBase"]
[SourceDate "2006.09.14"]
[SourceVersion "1"]
[SourceVersionDate "2006.09.14"]
[SourceQuality "1"]

1. d4 Nf6 2. c4 c5 3. d5 e5 4. Nc3 d6 5. e4 g6 6. Be2 Bg7 7. h4 h5 8. Bg5 Nbd7 9. Qd2 Qa5 10. f3 a6 11. Nh3 Rb8 12. a4 Nb6 13. b3 Bd7 14. Nf2 Nc8 15. 0-0 0-0 16. Rfb1 Nh7 17. b4 cxb4 18. Na2 Nxg5 19. hxg5 Kh7 20. Nxb4 Ne7 21. Qe3 b6 22. Nbd3 f6 23. Rb4 fxg5 24. Qxg5 Ng8 25. Rab1 Bh6 26. Qh4 Be3 27. g4 Kg7 28. gxh5 g5 29. Qg3 Kh6 30. Kg2 Nf6 31. Nd1 Nxh5 32. Qh2 Bf4 33. Qh1 Kg6 34. Qg1 Ng3 35. Nc3 Rh8 36. Kf2 Rh1 37. Qxh1 Nxh1+ 38. Rxh1 Rc8 0-1

[Event "GER-ch Seniors 18th"]
[Site "Dresden"]
[Date "2006.07.24"]
[Round "3"]
[White "Fronczek, Heinrich"]
[Black "Dahlhaus, Friedhelm"]
[Result "1-0"]
[WhiteElo "2252"]
[BlackElo "2176"]
[PlyCount "105"]
[EventDate "2006.07.22"]
[EventType "swiss"]
[EventRounds "9"]
[EventCountry "GER"]
[SourceTitle "CBM 113 Extra"]
[Source "ChessBase"]
[SourceDate "2006.09.14"]
[SourceVersion "1"]
[SourceVersionDate "2006.09.14"]
[SourceQuality "1"]

1. d4 d5 2. c4 c6 3. Nc3 Nf6 4. e3 e6 5. Nf3 Nbd7 6. Bd3 dxc4 7. Bxc4 b5 8. Bd3 b4 9. Ne4 Nxe4 10. Bxe4 Bb7 11. Qc2 Qb6 12. Bxh7 Nf6 13. Bd3 Rc8 14. Qe2 Be7 15. e4 c5 16. e5 Nd5 17. dxc5 Rxc5 18. 0-0 Kf8 19. Bd2 Qd8 20. Rfc1 Rxc1+ 21. Rxc1 g5 22. Ba6 Bxa6 23. Qxa6 Kg7 24. h3 Qb8 25. Qe2 Qd8 26. Qe4 a5 27. Qg4 Rh6 28. Nxg5 Rg6 29. h4 Nc3 30. Qh5 Bxg5 31. Bxg5 Rxg5 32. hxg5 Qd2 33. Rxc3 bxc3 34. bxc3 Qe1+ 35. Kh2 Qxe5+ 36. g3 Kg8 37. Qh6 Qxc3 38. g6 fxg6 39. Qxg6+ Kh8 40. Qh6+ Kg8 41. Qxe6+ Kg7 42. Kg2 Qd2 43. Qc4 Kh8 44. g4 Kg7 45. Kg3 Qe1 46. Qd4+ Kg6 47. Kf4 Qc1+ 48. Ke5 Qg5+ 49. Ke6 a4 50. Qe4+ Kh6 51. Qe3 Kg6 52. Qxg5+ Kxg5 53. f3 1-0

[Event "GER-ch Seniors-A 17th"]
[Site "Essen"]
[Date "2005.08.28"]
[Round "8"]
[White "Fronczek, Heinrich"]
[Black "Lainburg, Victor"]
[Result "1-0"]
[WhiteElo "2240"]
[BlackElo "2167"]
[PlyCount "89"]
[EventDate "2005.08.20"]
[EventType "swiss"]
[EventRounds "9"]
[EventCountry "GER"]
[SourceTitle "CBM 108 Extra"]
[Source "ChessBase"]
[SourceDate "2005.11.04"]
[SourceVersion "1"]
[SourceVersionDate "2005.11.04"]
[SourceQuality "1"]

1. d4 d6 2. Nf3 g6 3. c4 Bg7 4. Nc3 Nd7 5. e4 e5 6. Bg5 Ne7 7. Qd2 h6 8. Be3 c6 9. 0-0-0 Qc7 10. c5 dxc5 11. dxc5 g5 12. h4 g4 13. Nh2 Nf8 14. h5 Ne6 15. Nxg4 Nd4 16. Nxh6 Be6 17. Nf5 Nexf5 18. exf5 Nxf5 19. Bg5 f6 20. Be3 Nxe3 21. fxe3 f5 22. Be2 Rd8 23. Qxd8+ Qxd8 24. Rxd8+ Kxd8 25. e4 f4 26. b4 Ke7 27. a3 Bh6 28. Bf3 Rg8 29. Kd2 Bg4 30. Ne2 Be6 31. Kc2 Rd8 32. Nc1 Kf6 33. Nd3 Rd4 34. Nb2 Rd8 35. Kc3 Rd7 36. Rd1 Rxd1 37. Bxd1 Kg5 38. Nc4 Bxc4 39. Kxc4 Bf8 40. b5 Kh4 41. bxc6 bxc6 42. Ba4 Kxh5 43. Bxc6 Kg4 44. Kd5 Kg3 45. Bb5 1-0